[Biblia, Veteris Testamenti]

Bibliographic Details
Format: Book
Language:Latin
PhysicalDescription:zachované [1] list, 858 strán, [22] listov 12° 15 × 9,5 cm
Published: [Bez miesta] [bez tlačiara] [po roku 1592]
Subjects:

MARC

LEADER 00000nam a2200000 a 4500
001 vtls011894427
003 SK-MaSNL
005 20260301224927.0
008 251112k1592 gw f 001 0 lat
015 |a SNBHFA15uu 
040 |a SNKHF  |b slo  |c SNK  |e AACR2 
041 0 |a lat 
044 |a xx  |c XX 
072 7 |a 2-23/-27  |x Biblia. Biblistika  |2 konspekt 
080 |a 2‑21  |2 2011 
080 |a 27‑23  |2 2011 
080 |a 2‑1  |2 2011 
130 0 |a Biblia  |9 17043 
245 1 1 |a [Biblia, Veteris Testamenti] 
260 |a [Bez miesta]  |b [bez tlačiara]  |c [po roku 1592] 
300 |a zachované [1] list, 858 strán, [22] listov  |c 12°  |c 15 × 9,5 cm 
500 |a Iniciálky s ornamentálno-figurálnym pozadím v rámčeku na 6 a 8 riadkov 
504 |a Text radený do dvoch stĺpcov v linajkovom ráme a stĺpcovými margináliami, kustody 
508 |a Predslov 
546 |a Latinčina  |b Antiqua  |b Kurzíva 
550 |a Názov diela odvodený z obsahu knihy 
561 |a Z knižnice františkánov Okoličné.  |5 SNK IE 10585 
562 |a Rukopisný exlibris: Conventus Okolicsnensis. Ao 1766.; Rukopisné poznámky v latinčine.  |5 SNK IE 10585 
563 |a Väzba: hnedá ošúchaná koža.  |5 SNK IE 10585 
630 0 7 |a Biblia  |2 SNKPH  |9 17043 
650 0 7 |a kresťanstvo  |2 SNKPH  |9 2024 
650 0 7 |a náboženstvo  |2 SNKPH  |9 2023 
650 0 7 |a biblistika  |2 SNKPH  |9 1798 
710 1 |a Františkáni (Okoličné, Slovensko)  |4 fmo  |9 305376 
852 |a snk  |b Františkáni Okoličné  |p IE 10585 
958 |a DA 
958 |a ONDV 
999 |c 949039  |d 950969 
952 |t Fr Okol 26 500  |a SNK  |b SNK  |c SNK_HF  |y PREZ  |7 0  |p 17A1356952  |o snkIE 10585  |i snk2019/26430  |8 5  |0 0  |1 0  |4 0  |d 2019-10-17  |f 1  |l 0  |r 2026-02-24 09:43:28  |w 2026-02-24